[Event "Titled Tuesday intern op 12th Mar Late"]
[Site "Chess.com INT"]
[Date "2024.03.12"]
[Round "1"]
[White "Cuevas Araya, Walter"]
[Black "Ehlvest, Jaan"]
[Result "1-0"]
[WhiteElo "2008"]
[BlackElo "2528"]
[PlyCount "179"]
[EventDate "2024.03.12"]
[EventType "swiss (blitz)"]
[EventRounds "11"]
[EventCountry "USA"]
[SourceTitle "CB12_2024"]
[SourceDate "2023.10.01"]
[SourceVersion "1"]
[SourceVersionDate "2023.10.01"]
[SourceQuality "1"]

1. e4 c5 2. Nf3 d6 3. Bb5+ Bd7 4. Bxd7+ Nxd7 5. c4 Ngf6 6. Nc3 g6 7. 0-0 Rc8 8. b3 Bg7 9. Re1 0-0 10. Bb2 e5 11. d3 a6 12. Nd2 Ne8 13. Nf1 Nc7 14. Ne3 Ne6 15. Ncd5 f5 16. f3 b5 17. a4 bxc4 18. bxc4 Kh8 19. Bc3 Nd4 20. Rb1 f4 21. Ng4 h5 22. Nf2 Rb8 23. Qd2 Nf6 24. Bxd4 cxd4 25. Nh3 Nxd5 26. cxd5 Bf6 27. Rec1 g5 28. Nf2 Qd7 29. h3 Qxa4 30. Ra1 Qb5 31. Qa2 Rfc8 32. Rxc8+ Rxc8 33. Qxa6 Rc1+ 34. Kh2 Qxa6 35. Rxa6 Rf1 36. Nh1 Be7 37. Ra7 Bf8 38. g3 Rd1 39. gxf4 Rd2+ 40. Kg1 gxf4 41. Ra3 Kg8 42. Nf2 Be7 43. Ra8+ Kf7 44. Ra7 Ke8 45. Ra8+ Kd7 46. Ra7+ Kd8 47. Ra8+ Kd7 48. Ra7+ Ke8 49. Ra8+ Bd8 50. Kf1 Ke7 51. Ke1 Rb2 52. Ra7+ Kf6 53. Ra8 Bb6 54. Ra6 Bc5 55. Nd1 Rh2 56. Nf2 Rg2 57. Kf1 Rg8 58. Ra1 Rb8 59. Rc1 Kg5 60. Rc2 Kh4 61. Kg2 Rg8+ 62. Kf1 Rg3 63. Ke2 Rg1 64. Rd2 Kg3 65. Rd1 Rxd1 66. Nxd1 Kxh3 67. Kf2 Kh4 68. Kg2 Ba3 69. Kh2 Bc1 70. Kg2 Kg5 71. Kh3 h4 72. Nf2 Bd2 73. Nd1 Be1 74. Nb2 Kf6 75. Nc4 Ke7 76. Kg4 Kd7 77. Na5 Kc7 78. Nc6 Kb6 79. Ne7 Kc5 80. Nf5 Kb4 81. Nxd6 Kc3 82. Nf7 Kxd3 83. Nxe5+ Ke3 84. d6 d3 85. Nc4+ Ke2 86. d7 h3 87. d8Q h2 88. Qh8 Bg3 89. Qh3 d2 90. Qg2+ 1-0

[Event "Titled Tuesday intern op 12th Mar Late"]
[Site "Chess.com INT"]
[Date "2024.03.12"]
[Round "2"]
[White "Ehlvest, Jaan"]
[Black "Krzesaj, Robert"]
[Result "0-1"]
[WhiteElo "2528"]
[BlackElo "2391"]
[PlyCount "74"]
[EventDate "2024.03.12"]
[EventType "swiss (blitz)"]
[EventRounds "11"]
[EventCountry "USA"]
[SourceTitle "CB12_2024"]
[SourceDate "2023.10.01"]
[SourceVersion "1"]
[SourceVersionDate "2023.10.01"]
[SourceQuality "1"]

1. e4 c6 2. d4 d5 3. exd5 cxd5 4. Bd3 Nc6 5. c3 g6 6. Nf3 Bg7 7. 0-0 Nh6 8. Re1 0-0 9. h3 f6 10. c4 e6 11. Nc3 Nf7 12. a3 b6 13. cxd5 exd5 14. Bf4 Bb7 15. Rc1 Rc8 16. b4 Ne7 17. Qd2 Nd6 18. Bxd6 Qxd6 19. Nb5 Qd7 20. Nxa7 Nf5 21. Nb5 Bh6 22. Bxf5 Bxd2 23. Bxd7 Rxc1 24. Rxc1 Bxc1 25. Nd6 Ba8 26. Nc8 Bxa3 27. b5 Kf7 28. Nxb6 Rd8 29. Bc6 Bxc6 30. bxc6 Bd6 31. Nd2 Bc7 32. Na4 Rd6 33. Nc5 Rxc6 34. Ndb3 Bb6 35. g3 Bxc5 36. Nxc5 Rb6 37. Kg2 Rb4 0-1

[Event "Titled Tuesday intern op 12th Mar Late"]
[Site "Chess.com INT"]
[Date "2024.03.12"]
[Round "4"]
[White "Ehlvest, Jaan"]
[Black "Narva, Triin"]
[Result "1-0"]
[WhiteElo "2528"]
[BlackElo "2104"]
[PlyCount "61"]
[EventDate "2024.03.12"]
[EventType "swiss (blitz)"]
[EventRounds "11"]
[EventCountry "USA"]
[SourceTitle "CB12_2024"]
[SourceDate "2023.10.01"]
[SourceVersion "1"]
[SourceVersionDate "2023.10.01"]
[SourceQuality "1"]

1. e4 d5 2. exd5 Qxd5 3. Nc3 Qd6 4. Nf3 Nf6 5. Be2 Nc6 6. 0-0 Bg4 7. d3 e6 8. h3 Bh5 9. Bg5 0-0-0 10. b4 h6 11. Bd2 g5 12. b5 Bxf3 13. Bxf3 Nd4 14. Rb1 g4 15. hxg4 Rg8 16. b6 axb6 17. Nb5 Nxb5 18. Rxb5 Nd7 19. Re1 Be7 20. a4 Bh4 21. Qe2 c6 22. Rb4 Rg6 23. Reb1 Rdg8 24. Be3 c5 25. Rxb6 Nxb6 26. Bxb7+ Kd7 27. Qf3 Nd5 28. Bxd5 exd5 29. Qxf7+ Be7 30. Rb7+ Kd8 31. Bf4 1-0

[Event "Titled Tuesday intern op 27th Feb Late"]
[Site "Chess.com INT"]
[Date "2024.02.27"]
[Round "6"]
[White "Ehlvest, Jaan"]
[Black "Kepeshchuk, Mykhaylo"]
[Result "0-1"]
[WhiteElo "2528"]
[BlackElo "2269"]
[PlyCount "44"]
[EventDate "2024.02.27"]
[EventType "swiss (blitz)"]
[EventRounds "11"]
[EventCountry "USA"]
[SourceTitle "CB10_2024"]
[SourceDate "2024.03.06"]
[SourceVersion "1"]
[SourceVersionDate "2024.03.06"]
[SourceQuality "1"]

1. e4 c5 2. Nf3 d6 3. Bb5+ Bd7 4. Bxd7+ Qxd7 5. 0-0 Nc6 6. c3 Nf6 7. Qe2 e6 8. d4 cxd4 9. cxd4 d5 10. e5 Ne4 11. Be3 Be7 12. Ne1 h6 13. f3 Ng5 14. Nd3 0-0 15. Nd2 f6 16. Rac1 fxe5 17. dxe5 Rac8 18. f4 Ne4 19. Nxe4 dxe4 20. Nc5 Nd4 21. Nxd7 Nxe2+ 22. Kf2 Nxc1 0-1

[Event "Titled Tuesday intern op 27th Feb Late"]
[Site "Chess.com INT"]
[Date "2024.02.27"]
[Round "8"]
[White "Ehlvest, Jaan"]
[Black "Silvestre, Christian"]
[Result "1-0"]
[WhiteElo "2528"]
[BlackElo "1942"]
[PlyCount "77"]
[EventDate "2024.02.27"]
[EventType "swiss (blitz)"]
[EventRounds "11"]
[EventCountry "USA"]
[SourceTitle "CB10_2024"]
[SourceDate "2024.03.06"]
[SourceVersion "1"]
[SourceVersionDate "2024.03.06"]
[SourceQuality "1"]

1. e4 c5 2. Nf3 Nc6 3. d4 cxd4 4. Nxd4 g6 5. c4 Bg7 6. Be3 Nf6 7. Nc3 0-0 8. Be2 d6 9. 0-0 Bd7 10. Rc1 Nxd4 11. Bxd4 Bc6 12. f3 a5 13. b3 Nd7 14. Be3 Nc5 15. Qd2 Qb6 16. Nb5 Rac8 17. Kh1 Rfd8 18. Rfd1 Be5 19. Bf1 e6 20. Qf2 Be8 21. a3 Bxb5 22. cxb5 Bb2 23. Rb1 Bxa3 24. Bg5 Nd7 25. Qh4 d5 26. exd5 exd5 27. Bxd8 Qxd8 28. Qxd8+ Rxd8 29. Rxd5 Kf8 30. b6 Ke7 31. Re1+ Kf8 32. Bb5 Bb4 33. Red1 Nxb6 34. Rxd8+ Kg7 35. R8d7 Nxd7 36. Rxd7 b6 37. Bc4 Bc5 38. Rxf7+ Kh6 39. f4 1-0

[Event "Titled Tuesday intern op 13th Feb Late"]
[Site "Chess.com INT"]
[Date "2024.02.13"]
[Round "9"]
[White "Baskakov, Egor"]
[Black "Ehlvest, Jaan"]
[Result "0-1"]
[WhiteElo "2215"]
[BlackElo "2528"]
[PlyCount "76"]
[EventDate "2024.02.13"]
[EventType "swiss (blitz)"]
[EventRounds "11"]
[EventCountry "USA"]
[SourceTitle "CB08_2024"]
[SourceDate "2024.02.21"]
[SourceVersion "1"]
[SourceVersionDate "2024.02.21"]
[SourceQuality "1"]

1. e4 c5 2. Nf3 d6 3. d4 cxd4 4. Nxd4 Nf6 5. Nc3 g6 6. g3 Bg4 7. Qd3 e5 8. Nde2 Nc6 9. Bg2 h5 10. h3 Be6 11. Nd5 Rc8 12. 0-0 Nd7 13. Be3 h4 14. g4 Bg7 15. Rad1 0-0 16. c3 a6 17. Kh2 b5 18. a4 Rb8 19. axb5 axb5 20. Ra1 Nc5 21. Qd1 b4 22. c4 b3 23. Nec3 Nd4 24. Ra7 Ra8 25. Rxa8 Qxa8 26. Nb5 Bxd5 27. exd5 Nxb5 28. cxb5 Rc8 29. Qe2 e4 30. Rc1 Be5+ 31. Kh1 Qa2 32. b6 Qxb2 33. Qb5 Rb8 34. Bf1 Bd4 35. Bxd4 Qxc1 36. Kg2 Nd3 37. b7 Nf4+ 38. Kg1 Qd1 0-1

[Event "Titled Tuesday intern op 13th Feb Late"]
[Site "Chess.com INT"]
[Date "2024.02.13"]
[Round "4"]
[White "Jarocka, Liwia"]
[Black "Ehlvest, Jaan"]
[Result "0-1"]
[WhiteElo "2199"]
[BlackElo "2528"]
[PlyCount "42"]
[EventDate "2024.02.13"]
[EventType "swiss (blitz)"]
[EventRounds "11"]
[EventCountry "USA"]
[SourceTitle "CB08_2024"]
[SourceDate "2024.02.21"]
[SourceVersion "1"]
[SourceVersionDate "2024.02.21"]
[SourceQuality "1"]

1. e4 c5 2. Nf3 d6 3. d4 cxd4 4. Nxd4 Nf6 5. Nc3 g6 6. Be3 a6 7. Bc4 Bg7 8. f3 Nbd7 9. Qd2 b5 10. Bb3 Nc5 11. h4 h5 12. 0-0-0 Bd7 13. Kb1 Rc8 14. Nd5 Nxd5 15. exd5 a5 16. c3 b4 17. cxb4 axb4 18. Qxb4 0-0 19. Qd2 Nxb3 20. Nxb3 Bf5+ 21. Ka1 Rc2 0-1

[Event "Titled Tuesday intern op 06th Feb Late"]
[Site "Chess.com INT"]
[Date "2024.02.06"]
[Round "9"]
[White "Sarana, Alexey"]
[Black "Ehlvest, Jaan"]
[Result "1-0"]
[WhiteElo "2697"]
[BlackElo "2528"]
[PlyCount "57"]
[EventDate "2024.02.06"]
[EventType "swiss (blitz)"]
[EventRounds "11"]
[EventCountry "USA"]
[SourceTitle "CB07_2024"]
[SourceDate "2024.02.14"]
[SourceVersion "1"]
[SourceVersionDate "2024.02.14"]
[SourceQuality "1"]

1. d4 g6 2. e4 Bg7 3. Bc4 c6 4. e5 d5 5. Bd3 f6 6. f4 Nh6 7. Ne2 0-0 8. 0-0 b6 9. h3 c5 10. c3 Nf5 11. g4 Nh6 12. Ng3 fxe5 13. fxe5 Rxf1+ 14. Qxf1 Nc6 15. Be3 Bxg4 16. hxg4 Nxg4 17. Qe2 Qd7 18. Bb5 h5 19. Nd2 a6 20. Bxc6 Qxc6 21. Nf3 Rf8 22. Rf1 Qa4 23. a3 Qb3 24. Bg5 e6 25. Nh4 Rxf1+ 26. Nxf1 cxd4 27. cxd4 Kh7 28. Kg2 Bh6 29. Nf3 1-0

[Event "Titled Tuesday intern op 16th Jan Late"]
[Site "Chess.com INT"]
[Date "2024.01.16"]
[Round "1"]
[White "Ehlvest, Jaan"]
[Black "Li, Hui"]
[Result "1-0"]
[WhiteElo "2528"]
[BlackElo "1988"]
[PlyCount "123"]
[EventDate "2024.01.16"]
[EventType "swiss (blitz)"]
[EventRounds "11"]
[EventCountry "USA"]
[SourceTitle "CB04_2024"]
[SourceDate "2023.10.16"]
[SourceVersion "1"]
[SourceVersionDate "2023.10.16"]
[SourceQuality "1"]

1. e4 e5 2. f4 d5 3. exd5 e4 4. d3 Nf6 5. dxe4 Nxe4 6. Qe2 Bf5 7. Nf3 Bc5 8. Nc3 Qe7 9. Be3 Nxc3 10. Bxc5 Qxe2+ 11. Bxe2 Nxe2 12. Kxe2 Na6 13. Ba3 Bxc2 14. Rac1 Be4 15. d6 cxd6 16. Bxd6 f6 17. Rc4 Bxf3+ 18. Kxf3 Kf7 19. Rd1 Rac8 20. Rcd4 Rhd8 21. R1d2 Rc6 22. f5 Rcc8 23. Bf4 Ke8 24. Re2+ Kf7 25. Red2 Ke8 26. Bd6 Rd7 27. Ba3 Rxd4 28. Rxd4 Rc7 29. g4 Rd7 30. Rc4 b6 31. h4 Nc7 32. g5 Nb5 33. Bb4 Rd4 34. Rxd4 Nxd4+ 35. Ke4 Nc6 36. Bc3 Kf7 37. gxf6 gxf6 38. a4 a6 39. Kd5 Ne7+ 40. Ke4 Nc6 41. b4 b5 42. a5 Ne7 43. h5 Kg7 44. Bd2 Kf7 45. h6 Ke8 46. Bc3 Kf7 47. Bd4 Nc6 48. Bc5 Ne5 49. Kd5 Ng4 50. Kc6 Nxh6 51. Kb7 Nxf5 52. Kxa6 h5 53. Kxb5 h4 54. a6 h3 55. Bg1 Nd4+ 56. Kb6 Nf3 57. Bh2 Nxh2 58. a7 Ng4 59. a8Q h2 60. Qg2 f5 61. Ka7 Kf6 62. b5 1-0

[Event "Titled Tuesday intern op 16th Jan Late"]
[Site "Chess.com INT"]
[Date "2024.01.16"]
[Round "4"]
[White "Longson, Alexander"]
[Black "Ehlvest, Jaan"]
[Result "0-1"]
[WhiteElo "2261"]
[BlackElo "2528"]
[PlyCount "58"]
[EventDate "2024.01.16"]
[EventType "swiss (blitz)"]
[EventRounds "11"]
[EventCountry "USA"]
[SourceTitle "CB04_2024"]
[SourceDate "2023.10.16"]
[SourceVersion "1"]
[SourceVersionDate "2023.10.16"]
[SourceQuality "1"]

1. e4 g6 2. d4 Bg7 3. Nf3 d6 4. Bc4 Nf6 5. Qe2 Nc6 6. c3 0-0 7. 0-0 Bg4 8. Nbd2 e5 9. d5 Ne7 10. h3 Bd7 11. Bd3 Nh5 12. Bc2 Nf4 13. Qe1 c6 14. c4 cxd5 15. exd5 b5 16. Ne4 bxc4 17. Nxd6 Bxh3 18. Nxe5 Nxg2 19. Qc3 Qxd6 20. Qxh3 Qxe5 21. Qxg2 Nxd5 22. Qe4 Qxe4 23. Bxe4 Rad8 24. Rb1 Nb4 25. Bg5 Rd4 26. Rfe1 Nd3 27. Re2 f5 28. Bc6 Rg4+ 29. Kf1 Rxg5 0-1

[Event "Keres Memorial rap 33rd"]
[Site "Tallinn"]
[Date "2024.01.07"]
[Round "9"]
[White "Ehlvest, Jaan"]
[Black "Meskovs, Nikita"]
[Result "0-1"]
[WhiteElo "2528"]
[BlackElo "2532"]
[PlyCount "96"]
[EventDate "2024.01.06"]
[EventType "swiss (rapid)"]
[EventRounds "11"]
[EventCountry "EST"]
[SourceTitle "CB02_2024"]
[SourceDate "2024.01.10"]
[SourceVersion "1"]
[SourceVersionDate "2024.01.10"]
[SourceQuality "1"]

1. e4 e5 2. Nf3 Nc6 3. Bc4 Nf6 4. d4 exd4 5. e5 d5 6. Bb5 Ne4 7. Nxd4 Bd7 8. Bxc6 bxc6 9. 0-0 Bc5 10. f3 Ng5 11. f4 Ne4 12. Be3 Bb6 13. Nd2 c5 14. N4f3 Nxd2 15. Qxd2 d4 16. Bf2 Bg4 17. a4 a5 18. b3 Qd7 19. Rae1 0-0 20. Ng5 Bf5 21. h3 f6 22. exf6 gxf6 23. Ne4 Qd5 24. Qd3 Rf7 25. Bh4 Raf8 26. Qg3+ Rg7 27. Qf3 c6 28. Rf2 Bxe4 29. Rxe4 c4 30. bxc4 Qxc4 31. Kh2 Qd5 32. Rfe2 f5 33. Re6 Qxf3 34. gxf3 Bc7 35. Bg3 Kh8 36. Re8 Rfg8 37. Rxg8+ Kxg8 38. Re6 Rg6 39. Re7 Bd6 40. Rd7 Re6 41. Kg1 Bb4 42. Kf1 Re3 43. Bf2 Rxf3 44. Rxd4 Bc5 45. Rd2 Rxf4 46. Kg2 Rxf2+ 47. Rxf2 Bxf2 48. Kxf2 Kf7 0-1

[Event "Keres Memorial rap 33rd"]
[Site "Tallinn"]
[Date "2024.01.07"]
[Round "8"]
[White "Nyysti, Sampsa"]
[Black "Ehlvest, Jaan"]
[Result "1/2-1/2"]
[WhiteElo "2339"]
[BlackElo "2528"]
[PlyCount "84"]
[EventDate "2024.01.06"]
[EventType "swiss (rapid)"]
[EventRounds "11"]
[EventCountry "EST"]
[SourceTitle "CB02_2024"]
[SourceDate "2024.01.10"]
[SourceVersion "1"]
[SourceVersionDate "2024.01.10"]
[SourceQuality "1"]

1. e4 e5 2. Nc3 Nf6 3. d4 exd4 4. Qxd4 Nc6 5. Qd3 d5 6. Nxd5 Nxd5 7. exd5 Nb4 8. Qe4+ Qe7 9. Bb5+ Bd7 10. Bxd7+ Kxd7 11. Qxe7+ Bxe7 12. Kd1 Bc5 13. Ne2 Nxd5 14. Bd2 Rae8 15. Rf1 Re6 16. Nc3 Nxc3+ 17. Bxc3 Rhe8 18. b4 Bb6 19. a4 a6 20. Ra3 Rd6+ 21. Bd2 Re4 22. Rd3 Rxd3 23. cxd3 Re5 24. Bc3 Rd5 25. Kc2 g6 26. f3 h5 27. Re1 c6 28. Re4 Bc7 29. h3 b5 30. axb5 axb5 31. g4 Bd6 32. Re1 Bg3 33. Ra1 Bd6 34. Ra7+ Ke6 35. Ra6 Kd7 36. Ra7+ Ke6 37. Ra6 Kd7 38. Ra7+ Bc7 39. Be1 Kc8 40. Ra8+ Kd7 41. Ra7 Kc8 42. Ra8+ Kd7 1/2-1/2

[Event "Keres Memorial rap 33rd"]
[Site "Tallinn"]
[Date "2024.01.06"]
[Round "4"]
[White "Chigaev, Maksim"]
[Black "Ehlvest, Jaan"]
[Result "1/2-1/2"]
[WhiteElo "2622"]
[BlackElo "2528"]
[PlyCount "98"]
[EventDate "2024.01.06"]
[EventType "swiss (rapid)"]
[EventRounds "11"]
[EventCountry "EST"]
[SourceTitle "CB02_2024"]
[SourceDate "2024.01.10"]
[SourceVersion "1"]
[SourceVersionDate "2024.01.10"]
[SourceQuality "1"]

1. e4 c5 2. Nf3 Nc6 3. Bb5 e6 4. c3 Nge7 5. d4 cxd4 6. cxd4 d5 7. e5 Bd7 8. Nc3 Rc8 9. 0-0 Ng6 10. Be3 Be7 11. g3 0-0 12. Bd3 f6 13. exf6 Bxf6 14. Bxg6 hxg6 15. h4 Na5 16. Ne2 Nc4 17. Nf4 g5 18. hxg5 Bxg5 19. b3 Nxe3 20. fxe3 Bf6 21. Ng6 Qc7 22. Qe1 Bb5 23. Rc1 Qd6 24. Kg2 Rxc1 25. Qxc1 Bxf1+ 26. Qxf1 Rc8 27. Nfe5 Qa6 28. Qd1 Qxa2+ 29. Kh3 Rc2 30. Ng4 Kf7 31. Nf4 Qb2 32. Qd3 Qc1 33. Qg6+ Ke7 34. Nxf6 gxf6 35. Qg7+ Kd6 36. Qxf6 Qh1+ 37. Kg4 Qe4 38. Qd8+ Kc6 39. Qe8+ Kb6 40. Qxe6+ Qxe6+ 41. Nxe6 Rc3 42. Kf4 Rxb3 43. g4 a5 44. g5 a4 45. Nc5 Rb4 46. g6 a3 47. g7 a2 48. g8Q a1Q 49. Qxd5 Ka7 1/2-1/2

[Event "Keres Memorial rap 33rd"]
[Site "Tallinn"]
[Date "2024.01.06"]
[Round "5"]
[White "Ehlvest, Jaan"]
[Black "Rychagov, Nikita1"]
[Result "1-0"]
[WhiteElo "2528"]
[BlackElo "2157"]
[PlyCount "89"]
[EventDate "2024.01.06"]
[EventType "swiss (rapid)"]
[EventRounds "11"]
[EventCountry "EST"]
[SourceTitle "CB02_2024"]
[SourceDate "2024.01.10"]
[SourceVersion "1"]
[SourceVersionDate "2024.01.10"]
[SourceQuality "1"]

1. e4 e5 2. Nf3 Nf6 3. Nxe5 d6 4. Nf3 Nxe4 5. d3 Nf6 6. d4 d5 7. Bd3 Bd6 8. 0-0 0-0 9. h3 h6 10. Nc3 Re8 11. Nb5 Bf8 12. Bf4 Na6 13. a3 c6 14. Nc3 Nc7 15. Be5 c5 16. dxc5 Bxc5 17. Re1 Bd7 18. b4 Bf8 19. Qd2 Ne6 20. Bxf6 Qxf6 21. Nxd5 Qd8 22. c4 Bc6 23. Be4 a5 24. Rad1 axb4 25. axb4 Ba4 26. Bc2 Bxc2 27. Qxc2 Ra3 28. Qf5 Rxf3 29. Qxf3 Nd4 30. Qg4 Rxe1+ 31. Rxe1 Ne6 32. h4 b5 33. Rxe6 fxe6 34. Qxe6+ Kh8 35. cxb5 Qxh4 36. b6 Qh5 37. g3 Bxb4 38. Qc8+ Kh7 39. Qc2+ Kh8 40. Nxb4 Qb5 41. Qc8+ Kh7 42. b7 Qxb4 43. b8Q Qe1+ 44. Kg2 Qe4+ 45. Kh2 1-0

[Event "Keres Memorial rap 33rd"]
[Site "Tallinn"]
[Date "2024.01.06"]
[Round "3"]
[White "Ehlvest, Jaan"]
[Black "Shvyrjov, Igor"]
[Result "1-0"]
[WhiteElo "2528"]
[BlackElo "2308"]
[PlyCount "76"]
[EventDate "2024.01.06"]
[EventType "swiss (rapid)"]
[EventRounds "11"]
[EventCountry "EST"]
[SourceTitle "CB02_2024"]
[SourceDate "2024.01.10"]
[SourceVersion "1"]
[SourceVersionDate "2024.01.10"]
[SourceQuality "1"]

1. d4 d5 2. Nf3 Nf6 3. Bf4 c6 4. e3 Qb6 5. Qc1 Bf5 6. Be2 Nbd7 7. 0-0 g6 8. c4 Bg7 9. Nc3 0-0 10. h3 dxc4 11. Bxc4 Ne4 12. g4 Nxc3 13. bxc3 Be4 14. Nd2 e5 15. Bg3 Bd5 16. Rb1 Qc7 17. Bxd5 cxd5 18. c4 Rac8 19. Qb2 dxc4 20. Qxb7 Qa5 21. Nxc4 Rxc4 22. Qxd7 exd4 23. exd4 Rxd4 24. Qe7 Rd3 25. Rb7 Qxa2 26. Bd6 Qd5 27. Bg3 a5 28. Kh2 a4 29. Ra7 Qc4 30. Rb1 Rb3 31. Rd1 Bd4 32. Qe4 Rb4 33. Ra8 Rxa8 34. Qxa8+ Kg7 35. Bd6 Rb2 36. Bf8+ Kf6 37. Qd8+ Ke5 38. Bg7+ f6 1-0

[Event "Keres Memorial rap 33rd"]
[Site "Tallinn"]
[Date "2024.01.06"]
[Round "6"]
[White "Fridman, Daniel"]
[Black "Ehlvest, Jaan"]
[Result "1/2-1/2"]
[WhiteElo "2588"]
[BlackElo "2528"]
[PlyCount "26"]
[EventDate "2024.01.06"]
[EventType "swiss (rapid)"]
[EventRounds "11"]
[EventCountry "EST"]
[SourceTitle "CB02_2024"]
[SourceDate "2024.01.10"]
[SourceVersion "1"]
[SourceVersionDate "2024.01.10"]
[SourceQuality "1"]

1. Nf3 g6 2. d4 Bg7 3. c4 d6 4. g3 e5 5. Nc3 exd4 6. Nxd4 Nc6 7. Nxc6 bxc6 8. Bg2 Ne7 9. 0-0 0-0 10. Qc2 Bf5 11. e4 Be6 12. b3 c5 13. Bb2 Rb8 1/2-1/2

[Event "Puhajarve rap op 23rd"]
[Site "Puhajarve"]
[Date "2023.11.25"]
[Round "19"]
[White "Ehlvest, Jaan"]
[Black "Kais, Kaarel"]
[Result "1-0"]
[WhiteElo "2528"]
[BlackElo "1489"]
[PlyCount "39"]
[EventDate "2023.11.24"]
[EventType "tourn (rapid)"]
[EventRounds "33"]
[EventCountry "EST"]
[SourceTitle "CB49_2023"]
[SourceDate "2023.12.06"]
[SourceVersion "1"]
[SourceVersionDate "2023.12.06"]
[SourceQuality "1"]

1. e4 c5 2. Nf3 Nc6 3. d4 cxd4 4. Nxd4 d5 5. Bb5 dxe4 6. Nxc6 Qxd1+ 7. Kxd1 a6 8. Ba4 Bd7 9. Nc3 Bxc6 10. Bxc6+ bxc6 11. Nxe4 Rd8+ 12. Ke2 e6 13. Be3 Be7 14. Rhd1 Nf6 15. Rxd8+ Bxd8 16. Nd6+ Kf8 17. Rd1 Be7 18. c4 g6 19. Bh6+ Kg8 20. Nc8 1-0

[Event "Puhajarve rap op 23rd"]
[Site "Puhajarve"]
[Date "2023.11.25"]
[Round "14"]
[White "Krupenski, Juri"]
[Black "Ehlvest, Jaan"]
[Result "1-0"]
[WhiteElo "2398"]
[BlackElo "2528"]
[PlyCount "87"]
[EventDate "2023.11.24"]
[EventType "tourn (rapid)"]
[EventRounds "33"]
[EventCountry "EST"]
[SourceTitle "CB49_2023"]
[SourceDate "2023.12.06"]
[SourceVersion "1"]
[SourceVersionDate "2023.12.06"]
[SourceQuality "1"]

1. d4 Nf6 2. c4 e6 3. g3 c5 4. d5 exd5 5. cxd5 d6 6. Bg2 g6 7. Nc3 Bg7 8. Nf3 0-0 9. 0-0 Re8 10. Nd2 Nbd7 11. a4 a6 12. Ra2 Rb8 13. a5 b5 14. axb6 Nxb6 15. b3 Nfd7 16. Bb2 Ne5 17. Qc2 f5 18. e3 g5 19. Na4 Nxa4 20. Rxa4 Bd7 21. Ra2 Bb5 22. Nc4 f4 23. exf4 gxf4 24. Be4 Rb7 25. Bxh7+ Kh8 26. Bxe5 Bxe5 27. Bg6 Bxc4 28. bxc4 Rf8 29. Qd1 Qf6 30. Qh5+ Kg8 31. g4 Rg7 32. Be4 f3 33. Kh1 Qf4 34. Bf5 Rxf5 35. gxf5 Rg5 36. Qxg5+ Qxg5 37. Rg1 Qxg1+ 38. Kxg1 Kf7 39. Rxa6 Kf6 40. Ra3 Kxf5 41. Rxf3+ Ke4 42. Re3+ Kd4 43. h4 Bf4 44. h5 1-0

[Event "Puhajarve rap op 23rd"]
[Site "Puhajarve"]
[Date "2023.11.25"]
[Round "18"]
[White "Lillend, Fredi"]
[Black "Ehlvest, Jaan"]
[Result "0-1"]
[WhiteElo "1199"]
[BlackElo "2528"]
[PlyCount "60"]
[EventDate "2023.11.24"]
[EventType "tourn (rapid)"]
[EventRounds "33"]
[EventCountry "EST"]
[SourceTitle "CB49_2023"]
[SourceDate "2023.12.06"]
[SourceVersion "1"]
[SourceVersionDate "2023.12.06"]
[SourceQuality "1"]

1. d4 Nf6 2. c4 e6 3. a3 c5 4. e3 a6 5. Nf3 b6 6. Be2 Bb7 7. 0-0 Be7 8. Nbd2 0-0 9. b3 d5 10. Bb2 Nc6 11. Rc1 cxd4 12. exd4 Rc8 13. Re1 g6 14. h3 Nd7 15. Ra1 Bf6 16. Bf1 Ne7 17. a4 a5 18. Ba3 Re8 19. Rc1 Nf5 20. Bb2 Nb8 21. Nb1 dxc4 22. Bxc4 Bxf3 23. Qxf3 Nc6 24. Rcd1 Ncxd4 25. Qg4 h5 26. Qf4 e5 27. Qe4 Kg7 28. Qb7 Re7 29. Qe4 Qc7 30. Qd3 Qd8 0-1

[Event "Puhajarve rap op 23rd"]
[Site "Puhajarve"]
[Date "2023.11.24"]
[Round "9"]
[White "Ehlvest, Jaan"]
[Black "Uurits, Karel"]
[Result "1-0"]
[WhiteElo "2528"]
[BlackElo "1730"]
[PlyCount "49"]
[EventDate "2023.11.24"]
[EventType "tourn (rapid)"]
[EventRounds "33"]
[EventCountry "EST"]
[SourceTitle "CB49_2023"]
[SourceDate "2023.12.06"]
[SourceVersion "1"]
[SourceVersionDate "2023.12.06"]
[SourceQuality "1"]

1. e4 e5 2. Nf3 Nc6 3. Bc4 Bc5 4. c3 Nf6 5. d3 0-0 6. 0-0 a6 7. a4 d6 8. Re1 Bg4 9. h3 Bh5 10. Nbd2 Rb8 11. a5 h6 12. Nf1 Re8 13. Ng3 Bg6 14. Nh4 Bh7 15. Nhf5 Bg6 16. Qf3 h5 17. Bg5 b5 18. axb6 Rxb6 19. b4 Bxb4 20. cxb4 Nxb4 21. Nh4 Nc2 22. Nxg6 Nxa1 23. Rxa1 c6 24. Bxf6 Qxf6 25. Qxh5 1-0

[Event "Puhajarve rap op 23rd"]
[Site "Puhajarve"]
[Date "2023.11.24"]
[Round "1"]
[White "Ehlvest, Jaan"]
[Black "Zhu, Chen"]
[Result "1-0"]
[WhiteElo "2528"]
[BlackElo "2423"]
[PlyCount "37"]
[EventDate "2023.11.24"]
[EventType "tourn (rapid)"]
[EventRounds "33"]
[EventCountry "EST"]
[SourceTitle "CB49_2023"]
[SourceDate "2023.12.06"]
[SourceVersion "1"]
[SourceVersionDate "2023.12.06"]
[SourceQuality "1"]

1. e4 d6 2. d4 Nf6 3. Nc3 e5 4. Nf3 Nbd7 5. Bc4 Be7 6. 0-0 0-0 7. h3 c6 8. a4 h6 9. Re1 b6 10. Be3 a6 11. d5 Bb7 12. dxc6 Bxc6 13. Qd3 Qc8 14. Nh4 Nc5 15. Bxc5 dxc5 16. Nf5 Qb7 17. Qg3 Nh5 18. Qg6 b5 19. Nxh6+ 1-0

[Event "Puhajarve rap op 23rd"]
[Site "Puhajarve"]
[Date "2023.11.24"]
[Round "8"]
[White "Nestor, Kaarel"]
[Black "Ehlvest, Jaan"]
[Result "0-1"]
[WhiteElo "2134"]
[BlackElo "2528"]
[PlyCount "104"]
[EventDate "2023.11.24"]
[EventType "tourn (rapid)"]
[EventRounds "33"]
[EventCountry "EST"]
[SourceTitle "CB49_2023"]
[SourceDate "2023.12.06"]
[SourceVersion "1"]
[SourceVersionDate "2023.12.06"]
[SourceQuality "1"]

1. d4 Nf6 2. Nf3 c5 3. e3 b6 4. Be2 Bb7 5. 0-0 g6 6. b3 Bg7 7. Bb2 0-0 8. c4 cxd4 9. Bxd4 d6 10. Nbd2 a6 11. Rc1 Nbd7 12. Re1 Rc8 13. Nf1 Rc7 14. N3d2 Qa8 15. Bf3 Rfc8 16. Bb2 b5 17. Qe2 Bxf3 18. gxf3 Nh5 19. Bxg7 Nxg7 20. Ra1 bxc4 21. Nxc4 d5 22. Na3 Nf5 23. f4 Nf6 24. Ng3 Nh4 25. Rad1 Qc6 26. Rd4 Qe6 27. f3 Rc1 28. Rdd1 Rxd1 29. Rxd1 Rc3 30. Nf1 Qh3 31. Nb1 Nxf3+ 32. Kh1 Rc6 33. Qg2 Qxg2+ 34. Kxg2 Nh4+ 35. Kh3 Nf5 36. Kg2 e6 37. Na3 Ne4 38. Kf3 Kf8 39. Ng3 Nexg3 40. hxg3 Rc3 41. Re1 h5 42. Re2 Nd4+ 43. Kf2 Nxe2 44. Kxe2 Ke7 45. Kd2 Rc8 46. Nc2 f6 47. Nd4 e5 48. Nf3 Ke6 49. Nh4 g5 50. f5+ Kd6 51. Ng6 Rc7 52. Nf8 h4 0-1